Statistics for Countries with embassies and consulates in Luxembourg

Click here to take the quiz!

General Stats

  • This quiz has been taken 54 times
  • The average score is 22 of 27

Answer Stats

ContinentCountry% Correct
EuropeBelgium
100%
AsiaChina
100%
North AmericaUnited States of America
98%
EuropeGermany
98%
Europethe Netherlands
98%
EuropeItaly
98%
Asia/ EuropeTurkey
96%
EuropeSpain
96%
Asia/ EuropeRussia
96%
EuropeAustria
96%
AsiaJapan
96%
EuropeFrance
96%
EuropeDenmark
93%
EuropeUnited Kingdom
93%
EuropePortugal
93%
EuropePoland
91%
EuropeIreland
91%
EuropeSwitzerland
89%
EuropeCzech Republic
85%
AsiaSouth Korea
78%
EuropeRomania
76%
AsiaIndonesia
63%
EuropeCyprus
52%
EuropeMalta
48%
Asiathe Philippines
39%
AsiaBangladesh
39%
AfricaCape Verde
17%

Score Distribution

Percentile by Number Answered

Percent of People with Each Score

Your Score History

You have not taken this quiz